| 000 | 01492cam a2200349 i 4500 | ||
|---|---|---|---|
| 001 | 13502685 | ||
| 003 | EG-ScBUE | ||
| 005 | 20240529111846.0 | ||
| 008 | 040226s2004 nyu f 000 0 eng d | ||
| 020 | _a0805078436 | ||
| 020 | _a0805077030 | ||
| 020 | _a9780805078435 | ||
| 040 |
_aDLC _beng _erda _cDLC _dDLC _dEG-ScBUE |
||
| 043 |
_aa-iq--- _an-us--- |
||
| 082 | 0 | 4 |
_a956.70443 _222 _bCAR |
| 100 | 1 |
_aCarroll, James, _d1943- _eauthor. _922775 |
|
| 245 | 1 | 0 |
_aCrusade : _bchronicles of an unjust war / _cJames Carroll. |
| 264 | 1 |
_aNew York : _bMetropolitan Books/Henry Holt, _c2004. |
|
| 300 |
_axvi, 286 pages ; _c25 cm |
||
| 336 |
_2rdacontent _atext _btxt |
||
| 337 |
_aunmediated _2rdamedia _bn |
||
| 338 |
_avolume _bnc _2rdacarrier |
||
| 650 | 7 |
_aIraq War, 2003- _2BUEsh _922776 |
|
| 650 | 7 |
_922777 _aWar on Terrorism, 2001-2009. _2BUEsh |
|
| 655 | _vReading book | ||
| 856 | 4 | 1 |
_3Table of contents only _uhttp://www.loc.gov/catdir/toc/fy0707/2004044988.html |
| 856 | 4 | 2 |
_3Contributor biographical information _uhttp://www.loc.gov/catdir/enhancements/fy0617/2004044988-b.html |
| 856 | 4 | 2 |
_3Publisher description _uhttp://www.loc.gov/catdir/enhancements/fy0617/2004044988-d.html |
| 856 | 4 | 1 |
_3Sample text _uhttp://www.loc.gov/catdir/enhancements/fy0617/2004044988-s.html |
| 942 |
_2ddc _cBB |
||
| 999 |
_c15046 _d15046 |
||